| 000 | 00628nam a2200217 a 4500 | ||
|---|---|---|---|
| 001 | BRCA_5892 | ||
| 005 | 20190320205244.0 | ||
| 008 | 170311t1925----gw-#######---#000-0#ger-# | ||
| 041 | _ager | ||
| 044 | _agw | ||
| 050 | 4 |
_aPT2617 U29 _b.T64 _c1925 |
|
| 100 | 1 |
_aHuch, Rudolf. _914897 |
|
| 245 | 1 | 0 |
_aDer Tolle Halberstädter _cErzahlung von Rudolf Huch; mit einem Nachwort von Werner Mahrholz. |
| 260 |
_aLeipzig, Alemania _bP. Reclam _c1925 |
||
| 300 |
_a78 p. _c16 cm. |
||
| 440 | 0 |
_aReclams universal Bibliothek _nNº6521 _914898 |
|
| 500 | _aH133 | ||
| 700 | 1 |
_aMahtholz, Werner. _914899 |
|
| 902 | _aGFM | ||
| 942 |
_2lcc _cB |
||
| 999 |
_c5581 _d5581 |
||